The Performance and Design of Alternating Current Machines / (Record no. 2069)
[ view plain ]
| 000 -LEADER | |
|---|---|
| Fixed length control field | 00463nam a22001697a 4500 |
| 003 - CONTROL NUMBER IDENTIFIER | |
| Control field | SEACOMEC |
| 005 - DATE AND TIME OF LATEST TRANSACTION | |
| Control field | 20250307134255.0 |
| 008 - FIXED-LENGTH DATA ELEMENTS--GENERAL INFORMATION | |
| Fixed length control field | 250307b |||||||| |||| 00| 0 eng d |
| 020 ## - INTERNATIONAL STANDARD BOOK NUMBER / ISBN | |
| International Standard Book Number | 978-8123910277 |
| Price | 215.00 |
| 040 ## - CATALOGING SOURCE | |
| Original cataloging agency | SEACOMEC |
| 082 ## - DEWEY DECIMAL CLASSIFICATION NUMBER | |
| Classification number | 621.313 |
| Book Number | S274 |
| 100 ## - MAIN ENTRY--PERSONAL NAME | |
| Personal name | Say, M.G |
| 245 ## - TITLE STATEMENT | |
| Title | The Performance and Design of Alternating Current Machines / |
| Statement of responsibility | M. G. Say |
| 250 ## - EDITION STATEMENT | |
| Edition statement | 3rd ed |
| 260 ## - IMPRINT | |
| Place of publication | New Delhi : |
| Name of publisher | CBS Publishers, |
| Date of publication | 1983 |
| 942 ## - ADDED ENTRY ELEMENTS (KOHA) | |
| Koha item type | Books |
| Withdrawn status | Lost status | Source of classification | Damaged status | Not for loan | Home library | Current library | Date acquired | Total Checkouts | Call number | Accession number | Date last seen | Price effective from | Koha item type | Copy number |
|---|---|---|---|---|---|---|---|---|---|---|---|---|---|---|
| Dewey Decimal Classification | SEACOM ENGINEERING COLLEGE | SEACOM ENGINEERING COLLEGE | 03/03/2009 | 621.313 S274 | 14066 | 07/03/2025 | 07/03/2025 | Books | ||||||
| Dewey Decimal Classification | SEACOM ENGINEERING COLLEGE | SEACOM ENGINEERING COLLEGE | 03/03/2009 | 621.313 S274 | 14067 | 07/03/2025 | 07/03/2025 | Books | 1 | |||||
| Dewey Decimal Classification | SEACOM ENGINEERING COLLEGE | SEACOM ENGINEERING COLLEGE | 03/03/2009 | 621.313 S274 | 14068 | 07/03/2025 | 07/03/2025 | Books | 2 | |||||
| Dewey Decimal Classification | SEACOM ENGINEERING COLLEGE | SEACOM ENGINEERING COLLEGE | 03/03/2009 | 621.313 S274 | 14069 | 07/03/2025 | 07/03/2025 | Books | 3 | |||||
| Dewey Decimal Classification | SEACOM ENGINEERING COLLEGE | SEACOM ENGINEERING COLLEGE | 03/03/2009 | 621.313 S274 | 14070 | 07/03/2025 | 07/03/2025 | Books | 4 |
